Online
Catalog

Hacia la verdadera democracia y el nuevo socialismo : (Record no. 49188)

MARC details
000 -CABECERA
campo de control de longitud fija 00774nam a22002057a 4500
003 - IDENTIFICADOR DEL NÚMERO DE CONTROL
campo de control OSt
005 - FECHA Y HORA DE LA ÚLTIMA TRANSACCIÓN
campo de control 20201124073024.0
008 - DATOS DE LONGITUD FIJA--INFORMACIÓN GENERAL
campo de control de longitud fija 130909s2006 dr 001 0 spa d
040 ## - FUENTE DE LA CATALOGACIÓN
Centro catalogador/agencia de origen DO-SdBNP
Lengua de catalogación spa
Centro/agencia transcriptor BNPHU
082 ## - NÚMERO DE LA CLASIFICACIÓN DECIMAL DEWEY
Número de clasificación xxxx
Número de documento/Ítem I73h
100 1# - ENTRADA PRINCIPAL--NOMBRE DE PERSONA
Nombre de persona Isa Conde, Narciso
9 (RLIN) 56903
Fechas asociadas al nombre 1942-
245 10 - MENCIÓN DE TÍTULO
Título Hacia la verdadera democracia y el nuevo socialismo :
Resto del título imperialismo actual y transición revolucionaria en nuestra américa /
Mención de responsabilidad, etc. Narciso Isa Conde
246 ## - FORMA VARIANTE DE TÍTULO
Título propio/Titulo breve Hacia la nueva democracia y el nuevo socialismo :
Resto del título imperialismo actual y transición revolucionaria en nuestra américa /
260 ## - PUBLICACIÓN, DISTRIBUCIÓN, ETC.
Lugar de publicación, distribución, etc. Santo Domingo:
Nombre del editor, distribuidor, etc. Tropical;
Fecha de publicación, distribución, etc. 2006.
300 ## - DESCRIPCIÓN FÍSICA
Extensión 128 p. ;
Dimensiones 21 cm.
504 ## - NOTA DE BIBLIOGRAFÍA, ETC.
Nota de bibliografía, etc. Bibliografía: p. 127-128
590 ## - NOTA LOCAL (RLIN)
Nota local Inventariado,2020/ YL
910 ## - DATOS DE OPCIÓN DEL USUARIO (OCLC)
Datos de opción del usuario YLockward
942 ## - ELEMENTOS DE PUNTO DE ACCESO ADICIONAL (KOHA)
Fuente del sistema de clasificación o colocación Dewey Decimal Classification
Tipo de ítem Koha Libro
Holdings
Estado de retiro Estado de pérdida Fuente del sistema de clasificación o colocación Restricciones de uso No para préstamo Código de colección Localización permanente Ubicación/localización actual Ubicación en estantería Fecha de adquisición Fuente de adquisición Total de préstamos Signatura topográfica completa Código de barras Fecha visto por última vez Precio válido a partir de Tipo de ítem Koha
    Dewey Decimal Classification Excluido de préstamo Excluido de préstamo Patrimonio Dominicano Biblioteca Nacional Pedro Henríquez Ureña Biblioteca Nacional Pedro Henríquez Ureña En catalogación 20.08.2019 Irma Rodríguez   xxxx I73h 2020-0570 24.11.2020 24.11.2020 Libro y Folleto Colección Patrimonio Dominicano

Powered by Koha